| 000 | 00362nam a22001337a 4500 | ||
|---|---|---|---|
| 020 | _a9789381759 | ||
| 082 |
_a631.8 _bPRA/FO |
||
| 100 |
_aPrasad, Kamta _9119 |
||
| 245 | _aFood grain Production and Irrigation India Vol.1 | ||
| 260 |
_aNew Delhi _bArise publishers Distributors _c2012 |
||
| 300 | _a269 | ||
| 650 |
_aFood grain production _9120 |
||
| 942 | _cBK | ||
| 999 |
_c14112 _d14112 |
||